| 000 | 00349nam a22001457a 4500 | ||
|---|---|---|---|
| 020 | _a81-264-0599-6 | ||
| 082 |
_a894.812.3 _bMAD/E |
||
| 100 | _aMADHAVIKUTTY | ||
| 245 | _aANTE PREEYAPETTA KATHAKAL | ||
| 260 |
_aTHRISSUR _bH & C PUBLISHING HOUSE _c2009 |
||
| 300 | _a465 | ||
| 520 | _aSAREERATHINU ETHRA CHIRAKUKAL | ||
| 650 | _aNOVEL | ||
| 942 | _cBK | ||
| 999 |
_c4961 _d4961 |
||